Multivariate quality control : theory and applications /

Guardado en:
Autor Principal: Fuchs, Camil, 1945-
Otros Autores: Kenett, Ron.
Formato: Libro
Idioma:English
Publicado: New York : M. Dekker, c1998.
Series:Quality and reliability ; 54
Materias:
Acceso en línea:Google Book Search
Etiquetas: Agregar Etiqueta
Sin Etiquetas, Sea el primero en etiquetar este registro!
LEADER 00868pam a2200241 a 4500
001 MAT.inmabb003914
008 980128s1998####nyua#####b####001#0#eng##
005 20130315182601.0
245 1 0 |a Multivariate quality control :  |b theory and applications /  |c Camil Fuchs, Ron S. Kenett. 
260 |a New York :  |b M. Dekker,  |c c1998. 
300 |a x, 212 p. :  |b il. ;  |c 24 cm. 
440 0 |a Quality and reliability ;  |v 54 
504 |a Incluye referencias bibliográficas (p. 201-204) e índice. 
020 |a 0824799399 
100 1 |a Fuchs, Camil,  |d 1945- 
700 1 |a Kenett, Ron. 
650 0 |a Quality control  |x Statistical methods. 
650 0 |a Multivariate analysis. 
084 |a 62N05 (62Hxx)  |2 msc2000 
010 |a  98002764  
040 |a DLC  |c DLC  |d DLC 
856 4 1 |u http://books.google.com/books?isbn=0824799399  |y Google Book Search 
859 |h 62  |i F951  |p A-8322  |b BIB. MATEMATICA